Powrót dzwonu

Titel: Powrót dzwonu
Verfasser:
In: Ziemia Prudnicka, Band 2 (2002), Seite 266-267, fot. 2
alle Artikel anzeigen
Veröffentlicht: 2002
Format: Aufsatz
Sprache: Polnisch
Schlagworte:
Kein Bild verfügbar
X
alg: 39469205
001A    $01999:12-11-16 
001B    $03025:24-04-24 $t15:41:27.000 
001D    $01999:12-11-16 
001U    $0utf8 
001X    $00 
002@    $0Aox 
003@    $0394692055 
007A    $0394692055 $aHEB 
007T    $0Herdww021723 
010@    $apol 
011@    $a2002 
021A    $aPowrót dzwonu 
027A    $aDie Rückkehr der Glocke 
028A    $aNowak $dRyszard 
031A    $d2 $h266-267, fot. 2 $j2002 
039B    $aIn $8--Abvc--. Ziemia Prudnicka. - Prudnik : Spółka Wydawn. "Aneks", 2002-. - ISSN 1642-977X $x200200000020000734 $9112106501 
044K    $ROberglogau $#Oberglogau $75057306-8 $8Głogówek [Tg1] $9044719264 
045F    $a307.094385 $eDDC23BSB 
045F/01 $a307.09 
045F/03 $g4385 
045T    $a7,41 
046C    $aDie Rückkehr der Glocke $bÜbers. des Hauptsacht. 

lok: 39469205 78

exp: 39469205 78 1 #EPN
201B/01 $024-04-24 $t15:41:27.000 
201U/01 $0utf8 
203@/01 $0790802554 
208@/01 $a12-11-16 $be 
209A/01 $a/ $f000 $x00 
220C/01 $aTitelaufnehmer: EV 
220C/01 $aHerkunft: IH UWr 
220C/01 $aAnmerkung: s. 266-267, fot. 2 
244Z/01 $2Trx $#Silesia $#Śląsk $#Sliezsko $#Slezsko $8--Trx--Schlesien $x01 $9391173987 
244Z/01 $#Oberglogau $75057306-8 $8--Tg1--Głogówek $x02 $9044719264 
244Z/01 $aGeschichte 1765-2001 $x03 
244Z/01 $2Trx $#kirik, Rooma-Katoliku $#bažnyčia, Romos katalikų $#Church, Roman-Catholic $#Római katolikus templom $#kościół rzymskokatolicki $#cirkev rímsko-katolícka $#církev římsko-katolická $8--Trx--Kirche, römisch-katholische $x04 $9391382845 
244Z/01 $2Trx $#mälestusmärgi hooldus ja kaitse $#paminklų konservavimas ir apsauga $#preservation of monuments $#müemlékvédelem és ápolás $#konserwacja i ochrona zabytków $#pamiatková starostlivosť a ochrana $#památková péče a ochrana $8--Trx--Denkmalpflege und -schutz $x05 $9391355635 
244Z/01 $2Trx $#kellad $#varpai $#Bells $#harangok $#dzwony $#zvony $#zvony $#Kirchenglocken $#zvony kostolné $#zvony kostelní $8--Trx--Glocken $x06 $9391354787 
244Z/01 $2Trx $8--Trx--Zeitschriftenaufsatz $x07 $9391384341 
245Z/01 $a13.03 $x01 
245Z/01 $a11.10 $x02 
247C/01 $82080>Marburg/Lahn, Herder-Institut, Forschungsbibliothek, Bibliographieportal $9336309341
LEADER 00000caa a22000002c 4500
001 394692055
003 DE-603
005 20240424154127.0
007 tu
008 161112s2002 xx |||| | u00||u|pol c
035 |a (DE-599)HEB394692055 
040 |a DE-603  |b ger  |c DE-603  |d DE-603 
041 |a pol 
082 0 4 |8 1\u  |a 307.094385  |q DE-101  |2 23/BSB 
084 |a 7,41  |2 ssgn 
085 |8 1\u  |b 307.09 
085 |8 1\u  |z 2  |s 4385 
100 1 |a Nowak, Ryszard 
245 0 0 |a Powrót dzwonu 
246 1 |i Übers. des Hauptsacht.  |a Die Rückkehr der Glocke 
246 1 3 |a Die Rückkehr der Glocke 
264 0 |c 2002 
651 7 |a Głogówek  |0 (DE-588)5057306-8  |0 (DE-603)044719264  |2 gnd 
773 0 8 |i In  |t Ziemia Prudnicka  |d Prudnik : Spółka Wydawn. "Aneks", 2002-  |x 1642-977X  |g Band 2 (2002), Seite 266-267, fot. 2  |w (DE-603)112106501  |w (DE-600)2111590-4 
924 0 |9 2080  |a (DE-603)790802554  |b DE-2080  |c HES  |d d  |g /